000 00676nam a2200301Ia 4500
005 20260401122052.0
008 008 250103s9999 xx 000 0 eng d
020 _a198247753
037 _aTB
040 _aEDL
040 _beng
040 _cEDL
041 _2eng
041 _aeng
084 _a180.9 GOS
084 _qEDL
100 _aGosling, J.C.B. | Taylor, C.C.W.
_91232503
245 0 _aGreeks on Pleasure
245 0 _cGosling, J.C.B. | Taylor, C.C.W.
260 _aOxford
260 _bClarendon Press
260 _c1984
300 _a497p
942 _cTB
942 _h180.9 GOS
999 _c1844711
_d1844711